Polarography in medicine, biochemistry, and pharmacy
Sparad:
| Huvudupphovsmän: | , |
|---|---|
| Materialtyp: | Bok |
| Språk: | engelska |
| Publicerad: |
Nueva York
Interscience Publishers
1958
|
| Ämnen: | |
| Taggar: |
Lägg till en tagg
Inga taggar, Lägg till första taggen!
|
MARC
| LEADER | 00000nam a2200000 a 4500 | ||
|---|---|---|---|
| 001 | UCU3824 | ||
| 003 | CL-VaPUC | ||
| 008 | 960510e19580000US |||||||||||||||||eng|d | ||
| 082 | 0 | 4 | |a 543.087 |b BRE |2 21 |
| 100 | 0 | |a Brezina, M |e author |9 360981 | |
| 700 | 0 | |a Zuman, Petr |e author |9 360982 | |
| 245 | 1 | 0 | |a Polarography in medicine, biochemistry, and pharmacy |
| 300 | |a 862 p | ||
| 942 | |c BK | ||
| 945 | |d 19960510 00:00:00 |a lriquelm | ||
| 260 | |a Nueva York |b Interscience Publishers |c 1958 | ||
| 650 | 7 | |a POLAROGRAFIA |2 CL-VaPUC |9 360131 | |
| 650 | 0 | |a Química física |9 260596 | |
| 650 | 0 | |a Química analítica |9 259648 | |
| 650 | 0 | |a Medicina |9 258507 | |
| 650 | 0 | |a Bioquímica |9 259492 | |
| 650 | 0 | |a Farmacología |9 269634 | |
| 583 | |a last modification |c 19960510 00:00:00 |k Rodrigo Vera | ||
| 999 | |c 247701 |d 247699 | ||